Efektívne riešenie konfliktov medzi žiakmi
Rozvíjanie témy významu a aplikácie mediačných zručností v edukačnom kontexte, kladúc dôraz na tréningové aktivity, ktoré môžu mediátorom, pedagógom aj žiakom pomôcť zlepšiť ich schopnosť zvládania konfliktných situácií. Zameranie sa na výcvik žiakov v rovesníckej mediácii, čo predstavuje jedinečný...
Uložené v:
| Hlavný autor: | |
|---|---|
| Médium: | Kapitola |
| Jazyk: | Slovak |
| Predmet: | |
| Tagy: |
Žiadne tagy, Buďte prvý, kto otaguje tento záznam!
|
MARC
| LEADER | 00000naa a2200000 4500 | ||
|---|---|---|---|
| 001 | 0303371 | ||
| 005 | 20240805100320.4 | ||
| 041 | 0 | |a slo | |
| 044 | |a SK | ||
| 245 | 1 | 0 | |a Efektívne riešenie konfliktov medzi žiakmi |c Erika Tornyaiová |
| 520 | |a Rozvíjanie témy významu a aplikácie mediačných zručností v edukačnom kontexte, kladúc dôraz na tréningové aktivity, ktoré môžu mediátorom, pedagógom aj žiakom pomôcť zlepšiť ich schopnosť zvládania konfliktných situácií. Zameranie sa na výcvik žiakov v rovesníckej mediácii, čo predstavuje jedinečný prístup k budovaniu komunitnej podpory a zodpovednosti medzi žiakmi. | ||
| 610 | 2 | 0 | |a žiaci |
| 610 | 2 | 0 | |a vzdelávanie |
| 610 | 2 | 0 | |a mediátori |
| 610 | 2 | 0 | |a zručnosti |
| 610 | 2 | 0 | |a konflikty |
| 610 | 2 | 0 | |a školy |
| 100 | 1 | |a Tornyaiová, Erika | |